[Event "AUTO-ADV-1909"]
[Site "http://www.queenalice.com/game.php?id=900062"]
[Date "2011.2.13"]
[Round "2"]
[White "Nille"]
[Black "Rissoli"]
[Result "1/2-1/2"]
[WhiteElo "1899"]
[BlackElo "2069"]

1. e4 c5 2. Nf3 d6 3. Bc4 Nc6 4. d3 Nf6 5. a3 g6 6. h3 Bg7 7. Nc3 a6 8. O-O O-O
9. Bd2 b5 10. Ba2 Bb7 11. Qc1 b4 12. axb4 Nxb4 13. Ne2 a5 14. Bxb4 axb4 15. c3
Qb6 16. cxb4 Qxb4 17. Qc3 Qb6 18. Qb3 Qxb3 19. Bxb3 Nd7 20. Rab1 Ne5 21. Nxe5
Bxe5 22. f4 Bg7 23. Nc3 Rfb8 24. f5 Ba6 25. Bc2 Rb7 26. fxg6 hxg6 27. Na4 Bxd3
28. Bxd3 Rxa4 29. b3 Rab4 30. Bc4 e6 31. Rbd1 Bd4+ 32. Kh1 Rd7 33. Rf3 d5 34.
exd5 exd5 35. Be2 Re7 36. Bf1 Re4 37. Rfd3 Kg7 38. Kh2 Be5+ 39. Kh1 d4 40. Rc1
Bd6 41. Rf3 Re3 42. Rxe3 dxe3 43. Bc4 f5 44. Kg1 Be5 45. Kf1 Bd4 46. Ke2 Kf6 47.
g3 g5 48. Rf1 Ke5 49. Kf3 Rb7 50. Kg2 Ra7 51. Re1 Ra2+ 52. Re2 Rxe2+ 53. Bxe2
Ke4 54. Kf1 f4 55. gxf4 gxf4 56. Kg2 Bf6 57. Bf3+ Kd3 58. Kf1 Kc3 59. Bd5 f3 60.
Bxf3 Kxb3 61. Ke2 Bg5 62. h4 Bh6 63. Ke1 c4 64. Bd5 Kc3 65. Ke2 Kd4 66. Bf7 c3
67. Bb3 Ke4 68. Bc2+ Kf4 69. h5 Ke5 70. Kd3 Kd5 71. Bd1 Ke5 72. Kxc3 Ke4 73. Be2
Bg7+ 74. Kc2 Kd4 75. Kd1 Kc3 76. Ke1 Kc2 77. Bd1+ Kd3 78. Bf3 Bc3+ 79. Kd1 Bg7
80. Be2+ 1/2-1/2

[Event "AUTO-ADV-1909"]
[Site "http://www.queenalice.com/game.php?id=900063"]
[Date "2011.2.13"]
[Round "2"]
[White "Rissoli"]
[Black "Nille"]
[Result "1-0"]
[WhiteElo "2042"]
[BlackElo "1817"]

1. e4 e5 2. Nf3 d6 3. d4 exd4 4. Nxd4 h6 5. c4 Nf6 6. Nc3 Be7 7. f4 O-O 8. Be2
a6 9. g4 Nh7 10. Rg1 Bh4+ 11. Kf1 Bd7 12. Nf3 Bf6 13. Nd5 c6 14. Nxf6+ Nxf6 15.
g5 hxg5 16. Nxg5 d5 17. e5 Ne4 18. Nxe4 Bh3+ 19. Kf2 dxe4 20. Qxd8 Rxd8 21. Ke3
Nd7 22. Kxe4 Nc5+ 23. Kf3 b5 24. Be3 Na4 25. Rg3 Be6 26. Rag1 g6 27. cxb5 axb5
28. h4 Nxb2 29. h5 Bf5 30. e6 fxe6 31. hxg6 Rxa2 32. Bc5 Rd5 33. Be7 c5 34. Bf6
Rd2 35. Rh1 Ra3+ 36. Kf2 Bxg6 37. Rxa3 b4 38. Ra7 Nd3+ 39. Ke3 Rxe2+ 40. Kxe2
Nxf4+ 41. Kf3 Nh5 42. Rg1 1-0

[Event "AUTO-ADV-1885"]
[Site "http://www.queenalice.com/game.php?id=906220"]
[Date "2011.2.27"]
[Round "2"]
[White "SallesAndre"]
[Black "Rissoli"]
[Result "1-0"]
[WhiteElo "2074"]
[BlackElo "2069"]

1. e4 c5 2. Nf3 d6 3. Nc3 a6 4. a4 g6 5. Bc4 Bg7 6. d4 cxd4 7. Nxd4 Qb6 8. Nf3
Qc7 9. Qd3 Nf6 10. h3 Nc6 11. Bg5 1-0

[Event "AUTO-ADV-1885"]
[Site "http://www.queenalice.com/game.php?id=906221"]
[Date "2011.2.27"]
[Round "2"]
[White "Rissoli"]
[Black "SallesAndre"]
[Result "0-1"]
[WhiteElo "2085"]
[BlackElo "2073"]

1. e4 e5 2. Nf3 Nc6 3. Bb5 d6 4. d4 Bd7 5. Be2 Nf6 6. Bg5 h6 7. Bxf6 Qxf6 8. d5
Nb4 9. a3 Na6 10. Bxa6 bxa6 11. Nc3 Bg4 12. Qd3 Bxf3 13. gxf3 Be7 14. Ke2 O-O
15. Qxa6 Qf4 16. Nb5 Rfc8 17. Qb7 a6 18. Nxc7 Rab8 19. Qa7 Rxb2 20. Rac1 Bd8 21.
Rhg1 Rxc7 22. Qa8 Rcxc2+ 23. Rxc2 Rxc2+ 24. Kf1 Rc1+ 25. Kg2 Qg5+ 26. Kh3 Rxg1
0-1

[Event "AUTO-ADV-1878"]
[Site "http://www.queenalice.com/game.php?id=914141"]
[Date "2011.3.18"]
[Round "2"]
[White "Rissoli"]
[Black "technicaldraw"]
[Result "1-0"]
[WhiteElo "2054"]
[BlackElo "1899"]

1. e4 c5 2. Nf3 e6 3. d4 cxd4 4. Nxd4 a6 5. c4 Nf6 6. Bd3 Nc6 7. Be3 Qc7 8. a3
Ne5 9. b3 Nxd3+ 10. Qxd3 Ng4 11. g3 Ne5 12. Qe2 Nc6 13. Nc3 Be7 14. f4 d6 15.
O-O Bd7 16. Nf3 Bf6 17. Qd2 Na5 18. Rab1 b5 19. e5 Be7 20. exd6 Qxd6 21. c5 Qxd2
22. Nxd2 Nc6 23. b4 O-O 24. Nf3 Bf6 25. Ne4 Be7 26. Nd6 Bxd6 27. cxd6 Rab8 28.
Ne5 Nxe5 29. fxe5 Rfc8 30. Rbc1 Rc4 31. Rxc4 bxc4 32. Rc1 Rc8 33. Bc5 Bb5 34. a4
Bxa4 35. Rxc4 Bb5 36. Rd4 Bd7 37. Rc4 f6 38. Kf2 fxe5 39. Re4 Kf7 40. Rxe5 h6
41. h4 Rc6 42. Ke3 Kf6 43. Kd4 g6 44. g4 Rc8 45. g5+ hxg5 46. hxg5+ Kf7 47. Re3
1-0

[Event "AUTO-ADV-1878"]
[Site "http://www.queenalice.com/game.php?id=914142"]
[Date "2011.3.18"]
[Round "2"]
[White "technicaldraw"]
[Black "Rissoli"]
[Result "1-0"]
[WhiteElo "1963"]
[BlackElo "2116"]

1. e4 c5 2. Nf3 Nc6 3. d4 cxd4 4. Nxd4 g6 5. c4 Bg7 6. Be3 Nf6 7. Nc3 d6 8. Be2
a6 9. O-O Ng4 10. Nxc6 Nxe3 11. Nxd8 Nxd1 12. Nxd1 Kxd8 13. Rb1 Bd7 14. a3 1-0

[Event "AUTO-ADV-1878"]
[Site "http://www.queenalice.com/game.php?id=914143"]
[Date "2011.3.18"]
[Round "2"]
[White "Rissoli"]
[Black "pawnforme"]
[Result "0-1"]
[WhiteElo "2079"]
[BlackElo "2064"]

1. e4 e5 2. Nf3 d6 3. d4 exd4 4. Nxd4 Nf6 5. Nc3 Be7 6. h3 Nbd7 7. f4 Nb6 8. Be3
c5 9. Nf3 Bd7 10. Qd2 Bc6 11. e5 dxe5 12. Nxe5 Qxd2+ 0-1

[Event "AUTO-ADV-1878"]
[Site "http://www.queenalice.com/game.php?id=914144"]
[Date "2011.3.18"]
[Round "2"]
[White "pawnforme"]
[Black "Rissoli"]
[Result "1-0"]
[WhiteElo "2046"]
[BlackElo "2097"]

1. d4 Nf6 2. e3 c5 3. c3 d5 4. Nf3 b6 5. Nbd2 Bb7 6. Be2 Nc6 7. O-O e5 8. dxe5
Nd7 9. Nb3 Ncxe5 10. Nbd2 Bd6 11. Qc2 O-O 12. b3 Qc7 13. g3 1-0

[Event "Challenge"]
[Site "http://www.queenalice.com/game.php?id=932528"]
[Date "2011.5.1"]
[Round "-"]
[White "Rissoli"]
[Black "luizantoniosetti"]
[Result "0-1"]
[WhiteElo "2079"]
[BlackElo "2019"]

1. e4 e6 2. d4 d5 3. e5 c5 4. Nf3 Qb6 5. c3 Bd7 6. Bd3 cxd4 7. cxd4 Nc6 8. Bc2
Nb4 9. Na3 Nxc2+ 10. Nxc2 Ne7 11. O-O Ng6 12. b3 Be7 13. Ba3 Bd8 14. Qd2 Bb5 15.
Rfd1 Be7 16. Rac1 O-O 17. Bxe7 Nxe7 18. Qb4 Nc6 19. Qd2 Qa6 20. a4 Be2 21. Re1
Bxf3 22. gxf3 f6 23. f4 fxe5 24. fxe5 Ne7 25. Kh1 Qb6 26. b4 Ng6 27. Ne3 Nh4 28.
a5 Qd8 29. Qe2 Nf3 30. Red1 Qh4 31. Nf1 Nxh2 32. Kg1 Nf3+ 33. Kg2 Rf5 34. Qxf3
Rxf3 35. Kxf3 Rf8+ 0-1

[Event "AUTO-MASTER-1226"]
[Site "http://www.queenalice.com/game.php?id=946977"]
[Date "2011.6.7"]
[Round "2"]
[White "jotu"]
[Black "Rissoli"]
[Result "0-1"]
[WhiteElo "2290"]
[BlackElo "2062"]

1. e4 c5 2. Nc3 a6 3. f4 Nc6 4. Nf3 b5 5. d4 cxd4 6. Nxd4 Bb7 7. Be2 d6 8. Nxc6
Bxc6 9. Be3 Nf6 10. Bf3 b4 11. Nd5 Nxd5 12. exd5 Bb5 13. Qd4 a5 14. O-O-O Qc7
15. Kb1 f6 16. Rhe1 Rc8 17. Rc1 g6 18. Bg4 Bd7 19. Bxd7+ Qxd7 20. Qb6 Qd8 21.
Qb5+ Kf7 22. Bb6 Rb8 23. Bxd8 Rxb5 24. c4 Rb7 25. Bxa5 Bh6 26. c5 Bxf4 27. c6
Rb5 28. Rc4 Bxh2 29. Bxb4 Rxd5 30. c7 Rc8 31. Rh1 Be5 32. Rxh7+ Ke6 33. a4 Rd4
34. Rxd4 Bxd4 35. Ba5 d5 36. b4 Be5 37. Ka2 Bxc7 38. Bxc7 Rxc7 39. Kb3 d4 40. b5
Kd5 41. Kb4 d3 42. b6 Rc4+ 43. Kb5 d2 44. Rxe7 Rd4 45. Rd7+ Ke4 46. Rxd4+ Kxd4
47. b7 d1=Q 0-1

[Event "AUTO-MASTER-1226"]
[Site "http://www.queenalice.com/game.php?id=946981"]
[Date "2011.6.7"]
[Round "2"]
[White "Rissoli"]
[Black "jrafaelcc"]
[Result "1-0"]
[WhiteElo "2068"]
[BlackElo "2000"]

1. e4 c5 2. Nf3 d6 3. d4 cxd4 4. Nxd4 Nf6 5. Nc3 a6 6. f3 e5 7. Nb3 Be7 8. Bc4
O-O 9. Be3 Nbd7 10. g4 b5 11. Bd5 Nxd5 12. Nxd5 Bh4+ 13. Bf2 Bxf2+ 14. Kxf2 Bb7
15. h4 Nc5 16. Qd2 Rc8 17. Na5 Bxd5 18. exd5 f5 19. Nc6 Qd7 20. g5 f4 21. Rae1
Kh8 22. b4 Na4 23. Reg1 Rxc6 24. dxc6 Qxc6 25. Re1 1-0

[Event "AUTO-MASTER-1234"]
[Site "http://www.queenalice.com/game.php?id=957072"]
[Date "2011.7.5"]
[Round "2"]
[White "lupengui"]
[Black "Rissoli"]
[Result "1-0"]
[WhiteElo "2665"]
[BlackElo "2081"]

1. e4 c5 2. Nf3 Nc6 3. Nc3 d6 4. d4 cxd4 5. Nxd4 g6 6. Bb5 Bd7 7. O-O Bg7 8. Be3
a6 9. Nxc6 Bxc6 10. Bxc6+ bxc6 11. Qe2 Nf6 12. Rad1 Qa5 13. Qc4 O-O 14. b4 Qc7
15. f3 Rfc8 16. Qb3 a5 17. a3 axb4 18. axb4 Nd7 19. f4 c5 20. e5 cxb4 21. Nd5
Qd8 22. exd6 exd6 23. f5 Nc5 24. Qxb4 Rcb8 25. Qg4 Ra4 26. c4 h5 27. Qf3 Rxc4
28. fxg6 fxg6 29. Qf7+ Kh7 30. Nf6+ Kh8 31. Qxg6 Bxf6 32. Qh6+ Kg8 33. Rxf6 Rg4
34. Rg6+ Kf7 35. Rf1+ Ke7 36. Qh7+ 1-0

[Event "AUTO-MASTER-1234"]
[Site "http://www.queenalice.com/game.php?id=957073"]
[Date "2011.7.5"]
[Round "2"]
[White "Rissoli"]
[Black "lupengui"]
[Result "0-1"]
[WhiteElo "2049"]
[BlackElo "2646"]

1. e4 e5 2. Nf3 Nc6 3. Bb5 f5 4. Nc3 fxe4 5. Nxe4 Nf6 6. d3 d5 7. Ng3 Bd6 8. Bg5
O-O 9. Nh5 Be7 10. h4 Nxh5 11. Bxc6 Bxg5 12. hxg5 Nf4 13. Ba4 Nxg2+ 14. Kf1 Bg4
15. Kxg2 Bxf3+ 16. Qxf3 Rxf3 17. Kxf3 Qxg5 18. Bb3 e4+ 19. dxe4 Rf8+ 20. Ke2
Qg4+ 21. Kd2 Rxf2+ 22. Kc3 Rf3+ 23. Kb4 Qxe4+ 24. Kc5 Qe3+ 25. Kxd5 Rf5+ 26. Kc4
a5 27. a4 Rc5# 0-1

[Event "AUTO-MASTER-1234"]
[Site "http://www.queenalice.com/game.php?id=957076"]
[Date "2011.7.5"]
[Round "2"]
[White "luhosavi"]
[Black "Rissoli"]
[Result "0-1"]
[WhiteElo "2104"]
[BlackElo "2074"]

1. e4 c5 2. Nc3 Nc6 3. f4 g6 4. Nf3 Bg7 5. Bc4 e6 6. O-O Nge7 7. e5 a6 8. a4 d5
9. exd6 Qxd6 10. d3 O-O 11. Qe1 Nb4 12. Ne4 Qd8 13. Qf2 b6 0-1

[Event "AUTO-MASTER-1234"]
[Site "http://www.queenalice.com/game.php?id=957077"]
[Date "2011.7.5"]
[Round "2"]
[White "Rissoli"]
[Black "luhosavi"]
[Result "1-0"]
[WhiteElo "2056"]
[BlackElo "2118"]

1. e4 Nf6 2. Nc3 d5 3. exd5 Nxd5 4. Bc4 Nb6 5. Bb3 Nc6 6. Nf3 g6 7. Ng5 e6 8. d3
Bg7 9. Nce4 Nd4 10. c3 Nxb3 11. axb3 f5 12. Nc5 Qd5 13. d4 Qxg2 14. Ke2 1-0